000 01038cab a2200313 4500
001 ABS52692
008 090401t1995 xxu||||| |||| 00| 0 eng d
035 _a(Sirsi) u91216
041 _aeng
100 _aHoldsworth, P.
245 _aRisky business
260 _c1995
350 _a0
490 _aProperty Week
_v51(1) 6 April 1995, 30-32(3)
520 _aLooks at how Strutt & Parker and Nelson Bakewell meet the requirements of health and safety regulations for risk assessments of workplaces.
650 _aCONDAM REGULATIONS
650 _aCONSTRUCTION (DESIGN AND MANAGEMENT) REGULATIONS 1994
650 _aHEALTH AND SAFETY AT WORK ETC ACT 1974
650 _aHEALTH AND SAFETY
_96244
650 _aLEGIONNAIRES' DISEASE
650 _aLOG BOOKS
650 _aMANAGEMENT OF HEALTH AND SAFETY AT WORK REGULATIONS 1992
650 _aProperty management
_96262
650 _aRISK ASSESSMENTS
650 _aWORKPLACE MANAGEMENT
690 _aCOMMERCIAL PROPERTY-MANAGEMENT
942 _n0
948 _c04/03/1997
999 _c57884
_d57884